| 000 | 00765nac a22002171u 4500 | ||
|---|---|---|---|
| 010 | _a87005173 | ||
| 020 | _a0408008776 : | ||
| 020 | _a0408008776 : | ||
| 082 | 0 | 0 |
_a333.72 _bT648 |
| 090 |
_c1431 _d1431 |
||
| 100 | _aTolba, Mostafa Kamal. | ||
| 245 | 1 | 0 |
_aSustainable development : _bconstraints and opportunities / _cMostafa Kamal Tolba. |
| 260 |
_aLondon ; _aBoston : _bButterworths, _c1987. |
||
| 300 |
_aix, 221 p. ; _c25 cm. |
||
| 500 | _aIncludes index. | ||
| 610 | 2 | 0 | _aUnited Nations Environment Programme. |
| 650 | 0 | _aEnvironmental protection. | |
| 650 | 0 | _aEnvironmental policy. | |
| 942 |
_cBB _k333.72T648 |
||
| 999 |
_c1431 _d1431 |
||